000 00609nam a2200181Ia 4500
008 140529s9999 xx 000 0 und d
020 _a9789715426626
050 _aJQ 1419.A53
_b.F959 2011
100 _aFuller, Ken.
245 2 _aA movement divided :
_bPhilippine communism, 1957-1986 /
_cKen Fuller
260 _aQuezon City, Philippines :
_bUniversity of the Philippines Press,
_cc2011.
300 _a475 p. ;
_c23 cm.
500 _aIncludes bibliographical references and index.
521 _aGE
650 _aCommunism
_xPhilippines --History --20th century.
942 _kLOC
_cBK
999 _c117766
_d117766